000 00452cam a2200193ua 4500
001 9162
008 150223n ii |||gr||||Z||||||eng
020 _a9788131723654
040 _cMAIN
041 _aeng
082 _a425
100 _aKolln, M.,
_eAuthor.
245 1 _aUnderstanding english grammar
_cBy Martha Kolln
250 _a7th.
260 _aNew delhi:
_bPearson,
_c2009.
300 _axv,450p.
653 _aEnglish grammar
942 _cBK
999 _c8232
_d8232